Dificultades de aprendizaje de la escritura: aplicaciones de la psicolingüística y de las nuevas tecnologías

Zapisane w:
Opis bibliograficzny
Główni autorzy: Jiménez González, Juan E (Autor), Muñetón Ayala, Mercedes Amparo (Autor)
Format: Książka
Język:hiszpański
Wydane: Madrid Trotta 2002
Seria:Colección Estructuras y Procesos. Serie Cognitiva
Hasła przedmiotowe:
Etykiety: Dodaj etykietę
Nie ma etykietki, Dołącz pierwszą etykiete!

MARC

LEADER 00000nam a2200000 a 4500
001 UCL5830
003 CL-VaPUC
008 040319e20020000SP |||||||||||||||||spa|d
020 |a 8481645699 
082 0 4 |a 371.914  |b JIM  |2 21 
100 |a Jiménez González, Juan E  |e author  |9 503542 
700 0 |a Muñetón Ayala, Mercedes Amparo  |e author  |9 483522 
245 1 0 |a Dificultades de aprendizaje de la escritura: aplicaciones de la psicolingüística y de las nuevas tecnologías 
300 |a 223 p 
942 |c BK 
945 |d 20040319 00:00:00  |a cmena 
260 |a Madrid  |b Trotta  |c 2002 
650 0 |a Educación lingüística  |9 306506 
650 0 |a Trastornos del aprendizaje  |9 307969 
650 0 |a Aprendizaje de la escritura  |9 483523 
650 0 |a Psicolingüística   |9 283371 
650 0 |a Métodos de enseñanza  |9 270413 
583 |a last modification  |c 20040319 00:00:00  |k Rodrigo Vera 
490 0 |a Colección Estructuras y Procesos. Serie Cognitiva 
999 |c 308215  |d 308213 
952 |0 0  |1 0  |4 0  |6 371_914000000000000_JIM_2002  |7 0  |8 A  |9 374548  |a FDOPOS  |b FDOPOS  |d 2019-11-21  |i 3987531  |o 371.914 JIM 2002  |p 3987531  |r 2025-01-22  |w 2019-11-21  |y BK  |k MLA 
952 |0 0  |1 0  |4 0  |6 371_914000000000000_JIM_2002  |7 0  |8 A  |9 374549  |a FDOPOS  |b FDOPOS  |d 2019-11-21  |i 4102614  |o 371.914 JIM 2002  |p 4102614  |r 2025-01-22  |w 2019-11-21  |y BK  |k MLA 
952 |0 0  |1 0  |4 0  |6 371_914000000000000_JIM_2002  |7 0  |8 A  |9 374550  |a FDOPOS  |b FDOPOS  |d 2019-11-21  |i 4318005  |o 371.914 JIM 2002  |p 4318005  |r 2025-01-22  |w 2019-11-21  |y BK  |k MLA